| 000 | 00932nam a2200181 a 4500 | ||
|---|---|---|---|
| 005 | 20240928063733.0 | ||
| 008 | 991125n1980 mx 000 0 spa u | ||
| 035 | _aUPN01000018663 | ||
| 049 | _aAV | ||
| 099 | _aPVI AC 0586 | ||
| 245 | 0 | 4 | _aLos ejecutivos evitan la pérdida de tiempo. |
| 260 |
_aMéxico : _bCentro Visual Educativo, _c1980. |
||
| 300 |
_a1 videocasete (VHS) (35 min.) : _bson., col. |
||
| 520 | _aDocumental basado en la Revista Financiera de Harvard que gira en torno a cómo lograr la eficiencia evitando la pérdida de tiempo, el planteamiento se basa en llevar a cabo los planes de una empresa por escrito describiendo todas las actividades paso a paso tomando en cuenta que los planes deben contener objetivos a corto plazo y dar un margen de 5 semanas donde habrá resultados visibles | ||
| 650 | 4 |
_aEJECUTIVOS - _xCAPACITACION _919508 |
|
| 650 | 4 |
_aEmpresas _xAdministración _9229 |
|
| 905 | _aAudiovisuales | ||
| 999 |
_c18663 _d18663 |
||